Food technology and quality evaluation

সংরক্ষণ করুন:
গ্রন্থ-পঞ্জীর বিবরন
বিন্যাস: গ্রন্থ
ভাষা:Undetermined
প্রকাশিত: Enfield, NH. Science Publishers ( SP ) 2003
বিষয়গুলি:
ট্যাগগুলো: ট্যাগ যুক্ত করুন
কোনো ট্যাগ নেই, প্রথমজন হিসাবে ট্যাগ করুন!
Thư viện lưu trữ: Trung tâm Học liệu Trường Đại học Cần Thơ
LEADER 00582nam a2200193Ia 4500
001 CTU_117796
008 210402s9999 xx 000 0 und d
020 |c 100.58 
082 |a 664 
082 |b F686 
245 0 |a Food technology and quality evaluation 
245 0 |c Edited by Ramdane Dris and Arun Sharma 
260 |a Enfield, NH. 
260 |b Science Publishers ( SP ) 
260 |c 2003 
650 |a food crops,food crops,food crops 
650 |x biotechnology,postharvest technology,quality 
904 |i Minh 
980 |a Trung tâm Học liệu Trường Đại học Cần Thơ